00728cam a2200217 a 450000100060000000300080000600500170001400800410003103500190007204000260009104100080011708200200012510000500014524500770019526000660027230000320033850400520037065000240042265000260044665000380047210356BD-RjUL20211208234935.0140123r19571954uk a b 00100 eng d a(BD-RjUL)10404 aBD-RjULbengcBD-RjUL aeng04a547.6bBAS 19571 aBadger, G. M.q(Geoffrey Malcolm),d1916-200214aThe structures & reactions of the aromatic compounds /cby G. M. Badger. aLondon :bCambridge University Press,c1954 [reprinted 1957]. ax, 456 p. :bill. ;c22 cm. aIncludes bibliographical references and index.. 0aAromatic compounds. 0aAromaticxReactivity. 0aPolycyclic aromatic hydrocarbons.